000 01610nam a2200469 i 4500
001 9984
003 KOSZ 005
005 20210507133325.0
008 000103s1978 pl a f f |000 0 pol
015 _aUWD 1979/49
035 _a991012318619705066
035 _a(PL-WaBN)b13334840-48omnis_nlop
035 _ab13334840
035 _a(OCoLC)830240446
035 _acc2001008345
035 _a(PL)b0000001333484
035 _a(EXLNZ-48OMNIS_NETWORK)9910054287205606
040 _aWA N
_cWA N
_dKOSZ 005/HR
041 0 _apol
080 _a528:629.783
080 _a(075.8)
100 1 _aŚledziński, Janusz
_d(1931-2021)
_eAutor
245 1 0 _aGeodezja satelitarna /
_cJanusz Śledziński.
260 _aWarszawa :
_bPaństwowe Przedsiębiorstwo Wydawnictw Kartograficznych,
_c1978.
300 _a442, [1] s., [3] k. tabl. :
_bil., mapy, tabl., wykr. ;
_c24 cm.
336 _aTekst
_btxt
_2rdacontent
337 _aBez urządzenia pośredniczącego
_bn
_2rdamedia
338 _aWolumin
_bnc
_2rdacarrier
380 _aKsiążki
380 _aPublikacje dydaktyczne
385 _mPoziom nauczania
_aSzkoły wyższe
388 _a1901-2000
388 _a1945-1989
504 _aBibliogr. 422-440.
650 7 _aGeodezja satelitarna
_2DBN
655 7 _aPodręczniki akademickie
_2DBN
658 _aGeografia i nauki o Ziemi
710 2 _aPaństwowe Przedsiębiorstwo Wydawnictw Kartograficznych
_4pbl
856 _uhttp://koha.tu.koszalin.pl/cgi-bin/koha/opac-detail.pl?biblionumber=9984
_yKatalog online BPK
942 _2UKD
_cKS
999 _c9984
_d9984